| 000 | 00569cam a2200217 4500 | ||
|---|---|---|---|
| 001 | J3042 | ||
| 008 | 090401t1994 xxu||||| |||| 00| 0 eng d | ||
| 035 | _a(Sirsi) u52654 | ||
| 041 | _aeng | ||
| 050 | _a711.552 | ||
| 110 |
_aHillier Parker Research _92002 |
||
| 245 | _aShop expansion plans. - August 1994 | ||
| 260 |
_aLondon _bHillier Parker May and Rowden _c1994 |
||
| 300 | _a1 sheet ; 30cm. | ||
| 350 | _a0 | ||
| 650 | _aEXPANSION PLANS | ||
| 650 | _aSHOPS | ||
| 690 | _aPROPERTY-COMMERCIAL PROPERTY-RETAIL PROPERTY | ||
| 942 | _n0 | ||
| 948 | _c04/03/1997 | ||
| 999 |
_c93133 _d93133 |
||